000 00455nam a2200145Ia 4500
008 100122s9999 xx 000 0 und d
082 _b33287
_a796.14
100 _aदाभोळकर नरेद्र अच्युत
245 _aकबड्डी
260 _bम.रा.साहित्य संस्कृती मंडळ
_c1980
300 _a160
630 _aकबड्डी
730 _aकबड्डी
942 _cBOOK
999 _c417400
_d417397